Design of Wood Structures ASD / (Record no. 971)
[ view plain ]
| 000 -LEADER | |
|---|---|
| fixed length control field | 01077nac a22002411u 4500 |
| 008 - FIXED-LENGTH DATA ELEMENTS--GENERAL INFORMATION | |
| fixed length control field | 100908t xxu||||| |||| 00| 0 eng d |
| 010 ## - LIBRARY OF CONGRESS CONTROL NUMBER | |
| LC control number | 98035386 |
| 020 ## - INTERNATIONAL STANDARD BOOK NUMBER | |
| International Standard Book Number | 0070077169 |
| 082 00 - DEWEY DECIMAL CLASSIFICATION NUMBER | |
| Classification number | 624.184 |
| Item number | BRE |
| 100 ## - MAIN ENTRY--PERSONAL NAME | |
| Personal name | Breyer, Donald E. |
| 9 (RLIN) | 18752 |
| 245 10 - TITLE STATEMENT | |
| Title | Design of Wood Structures ASD / |
| Statement of responsibility, etc | Donald E. Breyer, Kenneth J. Fridley, Kelly E. Cobeen. |
| 250 ## - EDITION STATEMENT | |
| Edition statement | 4th ed. |
| 260 ## - PUBLICATION, DISTRIBUTION, ETC. (IMPRINT) | |
| Place of publication, distribution, etc | New York : |
| Name of publisher, distributor, etc | McGraw Hill, |
| Date of publication, distribution, etc | c1998. |
| 300 ## - PHYSICAL DESCRIPTION | |
| Extent | 1 v. (various pagings) : |
| Other physical details | ill. ; |
| Dimensions | 25 cm. |
| 504 ## - BIBLIOGRAPHY, ETC. NOTE | |
| Bibliography, etc | Includes bibliographical references and index. |
| 650 #0 - SUBJECT ADDED ENTRY--TOPICAL TERM | |
| Topical term or geographic name as entry element | Building, Wooden. |
| 9 (RLIN) | 18753 |
| 700 1# - ADDED ENTRY--PERSONAL NAME | |
| Personal name | Fridley, Kenneth J., |
| Dates associated with a name | 1963- |
| 9 (RLIN) | 18754 |
| 700 1# - ADDED ENTRY--PERSONAL NAME | |
| Personal name | Cobeen, Kelly E. |
| 9 (RLIN) | 18755 |
| 856 41 - ELECTRONIC LOCATION AND ACCESS | |
| Materials specified | Table of contents only |
| Uniform Resource Identifier | <a href="http://www.loc.gov/catdir/toc/mh022/98035386.html">http://www.loc.gov/catdir/toc/mh022/98035386.html</a> |
| 856 41 - ELECTRONIC LOCATION AND ACCESS | |
| Materials specified | Contributor biographical information |
| Uniform Resource Identifier | <a href="http://www.loc.gov/catdir/enhancements/fy0602/98035386-b.html">http://www.loc.gov/catdir/enhancements/fy0602/98035386-b.html</a> |
| 942 ## - ADDED ENTRY ELEMENTS (KOHA) | |
| Item type | Book - Borrowing |
| Call number prefix | 624.184BRE |
| Source of classification or shelving scheme | Dewey Decimal Classification |
| Withdrawn status | Item status | Source of classification or shelving scheme | Damaged status | Not for loan | Vendor | Home library | Current library | Shelving location | Date acquired | Source of acquisition | Cost, normal purchase price | Total Checkouts | Full call number | Barcode | Date last seen | Cost, replacement price | Koha item type |
|---|---|---|---|---|---|---|---|---|---|---|---|---|---|---|---|---|---|
| Dewey Decimal Classification | Central Library | Central Library | First floor | 06/08/2013 | 620.00 | 624.184 BRE | 000003546 | 15/07/2025 | 775.00 | Book - Borrowing |